Adobe Flash CS3 Professional: (Record no. 362212)
[ view plain ]
| 000 -LEADER | |
|---|---|
| fixed length control field | 00462nam a2200145Ia 4500 |
| 008 - FIXED-LENGTH DATA ELEMENTS--GENERAL INFORMATION | |
| fixed length control field | 190925s9999 xx 000 0 und d |
| 020 ## - INTERNATIONAL STANDARD BOOK NUMBER | |
| International Standard Book Number | 9.7803214998e+012 |
| 100 ## - MAIN ENTRY--PERSONAL NAME | |
| Personal name | Gyncild, Brie |
| 245 ## - TITLE STATEMENT | |
| Statement of responsibility, etc | Brie Gyncild .-- |
| Title | Adobe Flash CS3 Professional: |
| Remainder of title | Classroom in a book |
| 260 ## - PUBLICATION, DISTRIBUTION, ETC. (IMPRINT) | |
| Place of publication, distribution, etc | Berkeley, Calif. : |
| Name of publisher, distributor, etc | Adobe Press |
| Date of publication, distribution, etc | 2007 |
| 300 ## - PHYSICAL DESCRIPTION | |
| Extent | 339 pages : |
| 500 ## - GENERAL NOTE | |
| General note | Includes appendix, and index. |
| 650 ## - SUBJECT ADDED ENTRY--TOPICAL TERM | |
| Topical term or geographic name as entry element | Computer animation. |
| 650 ## - SUBJECT ADDED ENTRY--TOPICAL TERM | |
| Topical term or geographic name as entry element | Flash (Computer file) |
| Withdrawn status | Lost status | Source of classification or shelving scheme | Damaged status | Home library | Current library | Shelving location | Date acquired | Source of acquisition | Total Checkouts | Full call number | Barcode | Date last seen | Price effective from | Koha item type |
|---|---|---|---|---|---|---|---|---|---|---|---|---|---|---|
| Library of Congress Classification | Southville International School Affiliated with Foreign Universities Library | Southville International School Affiliated with Foreign Universities Library | Southville Foreign University Section | 09/25/2019 | Donation | TX 897.7 .G997 2007 | SFU0091 | 09/25/2019 | 09/25/2019 | Books |